000 04494cam a2200397 4500500
005 20251228045522.0
041 _afre
042 _adc
100 1 0 _aHien, Hervé
_eauthor
700 1 0 _aKonaté, Blahima
_eauthor
700 1 0 _aBerthé, Abdramane
_eauthor
700 1 0 _aSomé, Télesphore
_eauthor
700 1 0 _aDrabo, Koiné Maxime
_eauthor
700 1 0 _aTougouma, Jean-Baptiste
_eauthor
700 1 0 _aOuédraogo, Macaire
_eauthor
700 1 0 _aBadini-Kinda, Fatoumata
_eauthor
700 1 0 _aSpinewine, Anne
_eauthor
700 1 0 _aMacq, Jean
_eauthor
245 0 0 _aUtilisation des médicaments potentiellement inappropriés dans les soins gériatriques au Burkina Faso
260 _c2016.
500 _a90
520 _aIntroduction : En Afrique subsaharienne, les pathologies chroniques et les multi-morbidités liées au phénomène du vieillissement sont émergentes. Leur prise en charge contribue à l’émergence de l’utilisation des médicaments potentiellement inappropriés qui posent un réel problème de santé publique. Cependant, les raisons de l’utilisation inappropriée de ces médicaments dans les services de soins restent relativement méconnues. L’objectif de cette étude était d’analyser les raisons de l’utilisation des médicaments potentiellement inappropriés lors des soins des personnes âgées avec des poly-pathologies chroniques à Bobo-Dioulasso. Méthodes : Nous avons réalisé une étude qualitative exploratoire d’août à décembre 2014 dans sept formations sanitaires de Bobo-Dioulasso. Nous avons conduit des interviews individuelles approfondies avec sept prestataires et un focus groupe avec dix personnes âgées. Un questionnaire semi-structuré pour les prestataires, construit à partir du modèle de soins chroniques ( Chronic care model, version 3.5), a été utilisé pour explorer les raisons de l’utilisation des médicaments potentiellement inappropriés. Résultats : Nous avons identifié les principaux éléments qui peuvent contribuer à expliquer les raisons de l’utilisation inappropriée des médicaments. Il s’agissait de la centration des soins centrés sur la prescription, la faible communication patient-prescripteur et entre les prescripteurs, la faible compétence des prescripteurs, l’absence de leadership médical et le paternalisme des prescripteurs. Conclusion : Ces résultats suggèrent des pistes pour le développement de la compétence des prestataires, la normalisation des actes et les soins basés sur la prescription rationnelle pour contribuer à améliorer l’utilisation des médicaments lors des soins gériatriques.
520 _aPotentially inappropriate medication use in elderly care in Burkina Faso Introduction : Chronic diseases and age-related multimorbidity are emerging problems in sub-Saharan Africa. Management of these conditions is associated with inappropriate use of medications. However, the reasons for this inappropriate use in health care facilities have not been sufficiently elucidated to propose corrective actions. Methods : We carried out a qualitative study from August to December 2014 in Bobo-Dioulasso health care facilities. We conducted individual interviews with health care providers and a focus group with older adults. A semi-structured questionnaire for care providers based on a chronic care model was used to explore the reasons for inappropriate use of medications. Results : We identified the mains factors that can help to explain the reasons for inappropriate use of medications : prescription-focused care, poor communication between patients and providers and between providers, poor care provider skills, lack of medical leadership, and paternalism of care providers. Discussion : These results suggest approaches to encourage the development of care provider skills, standardized practices and rational prescription to help improve medication use in the elderly.
690 _aBurkina Faso
690 _amaladie chronique
690 _aprescription inappropriée
690 _aservices de santé pour personnes âgées
690 _asujet âgé
690 _aaged
690 _aBurkina Faso
690 _achronic disease
690 _ahealth services for the aged
690 _ainappropriate prescribing
786 0 _nSanté Publique | 28 | 5 | 2016-11-25 | p. 677-686 | 0995-3914
856 4 1 _uhttps://stm.cairn.info/revue-sante-publique-2016-5-page-677?lang=fr&redirect-ssocas=7080
999 _c1578785
_d1578785